000 00607nam a2200217Ia 4500
005 20260526104558.0
008 131103s9999 xx 000 0 und d
040 _aLoreto College
041 _aEnglish
082 _a821.08A
_bGRE
245 _aModern Australian poetry
_cselected by H.M.Green
260 _aMelbourne
_bMelbourne University Press
_c1946
300 _ax,166 p.
504 _aIncludes bibliographical references
630 _aAustralian - Poetry
650 _aEnglish Literature
651 _aEnglish Poetry - Collections
700 _aGreen,H.M.
850 _aLCLIB
942 _cBK
999 _c13102
_d63581